Probabilistic programming /
Guardado en:
| Autor Principal: | |
|---|---|
| Formato: | Libro |
| Idioma: | English |
| Publicado: |
New York :
Academic Press,
1972.
|
| Series: | Probability and mathematical statistics ;
9 |
| Etiquetas: |
Agregar Etiqueta
Sin Etiquetas, Sea el primero en etiquetar este registro!
|
| LEADER | 00607nam a22001935 4500 | ||
|---|---|---|---|
| 001 | MAT.inmabb002097 | ||
| 008 | 720229s1972####nyua#####b####001#0#eng#d | ||
| 005 | 20130228105731.0 | ||
| 245 | 1 | 0 | |a Probabilistic programming / |c S. Vajda. |
| 260 | |a New York : |b Academic Press, |c 1972. | ||
| 300 | |a ix, 127 p. : |b il. ; |c 24 cm. | ||
| 440 | 0 | |a Probability and mathematical statistics ; |v 9 | |
| 504 | |a Bibliografía: p. 118-124. | ||
| 510 | 4 | |a MR, |c 49 #8660 | |
| 020 | |a 0127101500 | ||
| 100 | 1 | |a Vajda, S. |q (Steven), |d 1901-1995. | |
| 084 | |a 90C15 |2 msc2000 | ||
| 010 | |a 72180796 | ||
| 859 | |h 90 |i V133 |p A-3749 |b BIB. MATEMATICA | ||
